| 000 | 00972nam a2200253 a 4500 | ||
|---|---|---|---|
| 001 | 000019026 | ||
| 005 | 20200929165914.0 | ||
| 008 | 100522s1987 ag 000 0dspa d | ||
| 020 | _a9501268381 | ||
| 040 |
_aDO-SdBNP _bspa _cBNPHU |
||
| 082 |
_a921.1 _bJ27F |
||
| 100 | 1 |
_aFeinstein, Howard M., _940932 |
|
| 245 | 1 | 3 |
_aLa formación de William James / _cHoward M. Feinstein ; traducción de Jorge Piatigorsky. |
| 260 |
_aBuenos Aires : _bPaidos, _c1987. |
||
| 300 |
_a[1-5], 374, [375] p. : _bil. ; _c22 cm. |
||
| 490 | 1 |
_aPaidos studio _v38 |
|
| 490 | 1 | _aBásica | |
| 504 | _aIncluye referencias bibliográficas y notas al pie de las páginas. | ||
| 534 |
_pTítulo original en inglés: _tBecoming William James. _cIthaca and London : Cornell University, 1984 |
||
| 600 | 1 | 0 |
_aJAMES, WILLIAM, _d1842-1910. _940933 |
| 650 | 4 |
_aFilósofos estadounidense _xBiografías _940934 |
|
| 650 | 4 |
_aPsicólogos experimentales _940935 |
|
| 700 | 1 |
_aPiatigorsky, Jorge, _etr. _940936 |
|
| 999 |
_c18544 _d18544 |
||